000 00324nam a22001457a 4500
008 231012b ||||| |||| 00| 0 eng d
020 _a9780691050348
041 _aeng
080 _a521
082 _a521PHI
100 _a19
101 _aASTRO
245 _aIS THE TEMPERATURE RISING
_cPHILANDER.G.S
942 _2udc
_cBK
999 _c60445
_d60445